000 00936nam a2200301 a 4500
001 0045138
003 DO-SdBNP
005 20161107143554.0
007 0045138
008 150204s2009 sp a 000 0 spa d
020 _a9788466755047
040 _aBPMSU
_bspa
_cBPMSU
092 _aI863.32
_bC419d
100 1 _aCervantes, Miguel de
245 1 0 _aDon Quijote de la Mancha /
_b
_cMiguel de Cervantes ; adaptación de paula López Hortas; ilustraciones de José Luis Zazo
250 _a7a. ed.
260 _aMadrid :
_bAnaya,
_c20
300 _a158 p. :
_bil. ;
_c24 cm.
490 1 _a Clásicos a Media
_v
600 _aCervantes Saavedra, Miguel de,
_d1547-1616.
650 _aNOVELA ESPAÑOLA
650 _aLITERATURA ESPAÑOLA
700 1 _aJosé Luis Zazo
_e il.
700 1 _a López Hortas, Paula
_e
830 0 _a Clásicos a Media
_p
942 _2ddc
_cBK
956 _aVMATEO
_b10
_c20160623
_lBPMSU
_h0069
999 _c10527
_d10527